| 000 | 00695nam a22002057a 4500 | ||
|---|---|---|---|
| 003 | OSt | ||
| 005 | 20260306033922.0 | ||
| 008 | 260306b |||||||| |||| 00| 0 eng d | ||
| 020 | _a978-621-418-419-4 | ||
| 040 |
_aDWCL-Main lib _cOC |
||
| 082 | _aFil. 959.9 Es79b 2025 | ||
| 100 | _aEsternon, Bernard Fuentes | ||
| 245 |
_aBabasahin hinggil sa kasaysayan ng Pilipinas _bBernard Fuentes Esternon |
||
| 260 |
_aQuezon City, Philippines: _bWiseman's Book Trading, Inc., _cc2025. |
||
| 300 |
_aiv, 136 pages: _billustrations; _c23 cm. |
||
| 504 | _aIncludes bibliographical references. | ||
| 650 | _a1. Philippine history. | ||
| 700 | _aJeffrey Alfaro Lubang | ||
| 942 |
_2ddc _cBK - FIL _kFil. _n0 |
||
| 999 |
_c8680 _d8680 |
||